Guess the Attack on Titan Shifter (Current) - Statistics

General Stats
  • This quiz has been taken 267 times
  • The average score is 7 of 7
Answer Stats
Hint Answer % Correct
Female Titan Annie Leonhart
98%
The Attack Titan(Founding and Warhammer) Eren Yeager
98%
Armored Titan Reiner Braun
96%
Beast Titan Zeke Yeager
95%
Colossal Titan Armin Arlert
94%
Cart Titan Pieck Finger
94%
Jaw Titan Falco Grice
91%
No matching quizzes found
Score Distribution
Percent of People with Each Score
Percentile by Number Answered
Your Score History
You have not taken this quiz